| 000 | 00401nam a2200157Ia 4500 | ||
|---|---|---|---|
| 008 | 230917s9999||||xx |||||||||||||| ||und|| | ||
| 040 |
_e134464 _aMAIN |
||
| 041 | _aEnglish | ||
| 082 | _a519.5 Y91S | ||
| 100 | _aYule, G Udny | ||
| 245 | 0 | _aIntroduction to the theory of statistics | |
| 250 | _a14th ed. | ||
| 260 |
_aNew Delhi _bUniversal Book Stall _c1991 |
||
| 300 | _axxiv, 701 p. | ||
| 942 | _cBK | ||
| 999 |
_c85735 _d85735 |
||